01227nam a2200229 a 4500001001000000005001700010008004100027041000800068044000800076050001900084245007400103260005300177300008000230500003400310500005500344500000900399505044200408610002800850650004500878650003900923700003500962BRCA_516520190320204952.0770503s1938 nyuabc####---#000-0#eng-# aeng anyu 4aQ11b.S65 193810aSmithsonian scientific seriesceditor-in-chief Charles Greeley Abbot. aNueva YorkbSmithsonian Institution Seriesc1938 a12 v.bil. (algunas a color), láminas, retratos, mapas, diagramasc23 cm. aIncluye índice alfabético aCopia registrada e impresa a nombre de Franz Mayer aDD640 aContenido: v.1. Smithsonian institution. -- v.2. The sun and the welfare of man. -- v.3. Minerals from earth and sky. -- v.4. North american indians. -- v.5. Insects: their ways and means of living. -- v.6. Wild animals in and out of the zoo. -- v.7. Man from the farthest past. -- v.8. Cold-blooded vertebrates. -- v.9. Warm-blooded vertebrates. -- v.10. Shelled invertebrates. -- v.11. Old and new plant lore. -- v.12. Great inventions24aSmithsonian Institution14aSociedades científicaszEstados Unidos14aCienciasxSociedades científicas1 aGreeley Abbot, CharleseEditor